000 01132nam a2200193 a 4500
008 180918t2011 sp |||g||||| 001 1 spa d
020 _a9789876272728
041 _aspa
092 _c808
_l25
_sFIT
100 1 _aFitzpatrick, Becca
_94303
245 _aSilencio /
_cBecca Fitzpatrick
250 _a1a ed.
_bTraducción Irene Saslavsky
260 _aBarcelona:
_bEdiciones B;
_c2011.
300 _a412 p.
500 _aFitzpatrick, B. (2011). Silencio. (1a ed.). Barcelona : Ediciones B.
505 _aLa confusión se ha disipado y ya no hay nada que perturbe la relación entre Patch y Nora. Han superado los secretos que se escondían en el oscuro pasado de Patch..., han atravesado mundo irreconciliables..., se han enfrentado a pruebas sobrecogedoras de traición, lealtad y confianza..., y todo ello por un amor que trasciende los límites entre el cielo y la tierra. Armados con la fe absoluta que tienen el uno en el otro, Patch y Nora se enfrentan ahora a un villano que pretende acabar con cuanto han luchado por conseguir de una vez y para siempre, incluido su amor.
655 _aLiteratura
_92917
942 _2ddc
_cLIT
999 _c3249
_d3249